| 000 | 00563nam a22001577a 4500 | ||
|---|---|---|---|
| 005 | 20120417151649.0 | ||
| 020 |
_a8187498862 _c275.00 |
||
| 035 | _aB-120170 | ||
| 037 |
_aDPL _bENG |
||
| 100 |
_aVitso, Adino _945249 |
||
| 245 |
_aCustomary law and women : _bThe chakhesang Nagas / _cby Adino Vitso |
||
| 260 |
_aNew Delhi _bRegency Publications _c2003 |
||
| 300 |
_avii, 106p. _c20 cms. |
||
| 942 |
_2ddc _cEN _h305.4 _mVIT |
||
| 999 |
_c65149 _d65149 |
||